| 000 | 00839cab a2200253 4500 | ||
|---|---|---|---|
| 001 | ABS46767 | ||
| 008 | 090401t1992 xxu||||| |||| 00| 0 eng d | ||
| 035 | _a(Sirsi) u59447 | ||
| 041 | _aeng | ||
| 100 | _aTravers, I. | ||
| 245 | _aRent reviews: discovery of documents | ||
| 260 | _c1992 | ||
| 350 | _a0 | ||
| 490 |
_aEstates Gazette _v(9225) 27 June 1992, 12-24(2) |
||
| 520 | _aDiscusses the two questions of how surveyors are affected by the requirement to give discovery of documents in rent review arbitrations and does a confidentality agreement afford any protection. | ||
| 650 | _aDISCLOSURE OF DOCUMENTS | ||
| 650 | _aDISCOVERY OF DOCUMENTS | ||
| 650 | _aFALSE MARKETS | ||
| 650 | _aRENT REVIEW | ||
| 650 | _aWITHOUT PREJUDICE | ||
| 690 | _aLANDLORD AND TENANT-RENT REVIEWS | ||
| 942 | _n0 | ||
| 948 | _c04/03/1997 | ||
| 999 |
_c36477 _d36477 |
||